Statistics for Plants in Song

Click here to take the quiz!

General Stats

  • This quiz has been taken 53 times
  • The average score is 13 of 26

Answer Stats

Artist (Year)HintAnswer% Correct
Bobby Vinton (1962)_____ Are Red (My Love)Roses
95%
TraditionalO Christmas ____Tree
95%
Poison (1988)Every ____ Has It's ThornRose
91%
Tony Orlando and Dawn (1973)Tie a Yellow Ribbon Round the Ole ___ ____Oak Tree
81%
Seal (1991)Kiss from a ____Rose
79%
Tiny Tm (1968)Tiptoe Thru the ______Tulips
79%
Harry Belafonte (1956)______ Boat Song (Day O)Banana
77%
Neil Diamond & Barbra Streisand (1978)You Don't Bring Me _______Flowers
77%
Tom Jones (1965)Green Green _____ of HomeGrass
77%
The Foundations (1968)Build Me Up _________Buttercup
72%
Peter Paul and Mary (1962)Where Have All the _______ GoneFlowers
67%
Oasis (1995)(What's the Story) _______ _____Morning Glory
67%
K T Tunstall (2004)Black Horse and the ______ ____Cherry Tree
40%
The Who (1967)Pictures of ____Lily
40%
The Rolling Stones (1971)Dead ________Flowers
37%
Trini Lopez (1965)_____ TreeLemon
35%
O C Smith (1968)Little Green ______Apples
28%
Julie Andrews (1965) / Audra McDonald (2013)_________Edelweiss
23%
Grateful Dead (1970)Sugar _________Magnolia
21%
America (1975)_____ JaneDaisy
16%
Grateful Dead (1974)Scarlet ________Begonias
14%
The White Stripes (2005)Blue ______Orchid
14%
Harry Nilsson (1971)_______Coconut
12%
Radiohead (2011)_____ FlowerLotus
12%
The Doors (1971)________ HouseHyacynth
5%
Miranda Lambert (2009)Virginia ________Bluebell
2%

Score Distribution

Percentile by Number Answered

Percent of People with Each Score

Your Score History

You have not taken this quiz